<?xml version="1.0" encoding="UTF-8"?>
<collection xmlns="http://www.loc.gov/MARC21/slim">
 <record>
  <leader>00429pamaa2200157   4500</leader>
  <controlfield tag="001">0000020319</controlfield>
  <controlfield tag="005">20060516090000.0</controlfield>
  <datafield tag="020" ind1="0" ind2="0">
   <subfield code="a">0246106212 </subfield>
  </datafield>
  <datafield tag="082" ind1=" " ind2=" ">
   <subfield code="a">920.72 PEY 1973</subfield>
  </datafield>
  <datafield tag="090" ind1="0" ind2="0">
   <subfield code="a">CT1018.M324 </subfield>
   <subfield code="b">PEY 1973</subfield>
  </datafield>
  <datafield tag="100" ind1="1" ind2="0">
   <subfield code="a">PEYREFITTE </subfield>
  </datafield>
  <datafield tag="245" ind1="1" ind2="0">
   <subfield code="a">Manouche  </subfield>
   <subfield code="c">Roger Peyrefitte ; translated by Derek Coltman.</subfield>
  </datafield>
  <datafield tag="260" ind1="0" ind2="0">
   <subfield code="a">London: </subfield>
   <subfield code="b">Hart-Davis, Macgibbon, </subfield>
   <subfield code="c">c1973.</subfield>
  </datafield>
  <datafield tag="300" ind1=" " ind2=" ">
   <subfield code="a">256p.; </subfield>
   <subfield code="c">23cm.</subfield>
  </datafield>
  <datafield tag="600" ind1="1" ind2="0">
   <subfield code="a">Manouche</subfield>
  </datafield>
  <datafield tag="700" ind1="1" ind2="1">
   <subfield code="a">COLTMAN, </subfield>
   <subfield code="h">Derek </subfield>
  </datafield>
 </record>
</collection>
